Snížení RWA: splnitelný cíl s přínosy pro byznys ?
Sprísnenie ragulatórnych kapitálových požiadaviek v bankovom sektore. Prieskum EBA (Európsky orgán pre bankovníctvo) realizovaný v decembri minulého roka a jeho výsledky.
Guardado en:
| Autor principal: | |
|---|---|
| Otros Autores: | |
| Formato: | Capítulo de libro |
| Lenguaje: | checo |
| Materias: | |
| Etiquetas: |
Sin Etiquetas, Sea el primero en etiquetar este registro!
|
MARC
| LEADER | 00000naa a2200000 4500 | ||
|---|---|---|---|
| 001 | 0157131 | ||
| 005 | 20231211082333.1 | ||
| 041 | 0 | |a cze | |
| 044 | |a CZ | ||
| 245 | 1 | 0 | |a Snížení RWA: splnitelný cíl s přínosy pro byznys ? |c Vendula Rybářová, Miroslav Andrle |
| 520 | |a Sprísnenie ragulatórnych kapitálových požiadaviek v bankovom sektore. Prieskum EBA (Európsky orgán pre bankovníctvo) realizovaný v decembri minulého roka a jeho výsledky. | ||
| 610 | 2 | 0 | |a banky |
| 610 | 2 | 0 | |a bankovníctvo |
| 610 | 2 | 0 | |a inštitúcie finančné |
| 610 | 2 | 0 | |a rating |
| 610 | 2 | 0 | |a primeranosť kapitálová |
| 610 | 2 | 0 | |a dohľad bankový |
| 610 | 2 | 0 | |a prieskum |
| 100 | 1 | |a Rybářová, Vendula | |
| 700 | 1 | |a Andrle, Miroslav | |